Регионална библиотека "Любен Каравелов" - Русе

Методи на Бялата магия (Запис номер 507929)

MARC детайли
000 -Лидер
Контролно поле с фиксирана дължина 01614nam a2200289 c 4500
003 - Код на организацията, давaща контролен номер
Контролно поле BLK
005 - Дата и час на последна редакция
Контролно поле 20250110131939.0
008 - Елементи от данни с фиксирана дължина
fixed length control field 180408b bul|||||r ||||||| ||bul||
020 ## - Международен стандартен номер на книга ISBN
Международен стандартен номер на книга ISBN 9786199096017
040 ## - Източник на каталожния запис
Идентификатор на билиотеката - собственик на записа BLK
041 ## - Код за език
Код за езика на текст/звукозапис или на отделно заглавие Български
Код за езика КДБФ Български
080 ## - УДК
Текстов определител УДК Философски мистицизъм. Ранни езотерични школи. Кабала. Теософия. Антропософия. Суфизъм. Еклектизъм. Синкретизъм. Херметизъм. Розенкройцерство. Др. школи
УДК код - определител по УДК 141.33
УДК - код + определител 141.33
080 ## - УДК
Текстов определител УДК Религия и наука. Теология и философия. Знание и вяра. Конфликт между църквата и науката Вж и 001;1;291. 1;234; 239
УДК код - определител по УДК 215
УДК - код + определител 215
100 ## - Редна дума - Автор
Автор Дънов, Петър Константинов
Титли или други наименования, свързани с автора Беинса Дуно ; Учителя Беинса Дуно
Дати, свързани с автора 1864-1944
Автор - информация (биография) Философ, създава Школата на Всемирното Бяло братство в България
Авторска отговорност първи автор
R(LIN) 363384
139 ## - Редно поле
Редна дума Дънов, Петър Константинов
Авторски знак Дъ - Д 95
245 10 - Сведения за заглавието
Заглавие Методи на Бялата магия
Подзаглавни данни Из словото на Учителя Петър Дънов
257 ## - Страна на издаване
Страна на създаване/издаване България
260 ## - Област на издателските данни
Име на издателя, разпространителя и проч. Лира Принт
Година на издаване 2023
9 (RLIN) 209533
Място на издаване, разпространение и проч. София
Издателство - префикс ISBN 954-8610-
300 ## - Физическа характеристика
Страници 196 с.
Размери/Мащаб 18 см
380 ## - Жанр
Жанр Философия
650 #4 - Допълнително описание по предмет – тема
Основно описание – тема или топоним Дъновизъм
9 (RLIN) 153927
653 ## - Ключова дума – ненормативна
Ключова дума дъновизъм
856 4# - Електронен адрес и достъп
Електронен формат pdf - файл
856 4# - Електронен адрес и достъп
Електронен формат pdf - файл
942 ## - АРТИКУЛИ
Вид на библиотечния материал Книги
Скрит в OPAC Не
Периодичен библиозапис Да
Koha issues (borrowed), all copies 3
999 ## - СИСТЕМНИ КОНТРОЛНИ НОМЕРА
Koha biblionumber 507929
Koha biblioitemnumber 507929
944 ## - СЪЗДАВАНЕ И РЕДАКЦИЯ на ЗАПИСА
Създаване/Редакция
Дата на регистрацията/редакция Нора Радева
Служител, извършил регистрацията/редакцията 30576
Статус, дата на статуса Цветомила Тодорова
Наличности
Код за отписване Код за изгубен артикул Източник на класификационната схема Код за повреда Коз за рестрикции Код за отдаване Артикулен № Име на библиотеката - собственик Име на библиотеката, в която се намира в момента Статус (Текущо местоположение) Дата на вписване в системата Местоположение - отдел Цена в лева Инвентарен номер Систематично азбучна сигнатура Баркод Цена в евро Служебен тип на артикула
  Не е изгубен Universal Decimal Classification Не е повреден само за читалня ползва се в читалня 942092 Регионална библиотека "Любен Каравелов" Русе Регионална библиотека "Любен Каравелов" Русе Хранилище 2024-04-05 Основен фонд - ползва се само за читалня 12.00 120000901132 Цб 322435 120000901132 6.14 Книги
  Не е изгубен Universal Decimal Classification Не е повреден   заемане за дома 942093 Регионална библиотека "Любен Каравелов" Русе Регионална библиотека "Любен Каравелов" Русе Заемна - подръчен фонд 2024-04-05 Заемна - подръчен фонд 12.00 120000901057 14/Д 95 П 120000901057 6.14 Книги
Vip Innovations Ltd, Rousse, Bulgaria 2025